Ausgewählte Gedichte. (Record no. 5072)

MARC details
000 -LEADER
fixed length control field 00671cam a22002171 4500
001 - CONTROL NUMBER
control field af 48002531
003 - CONTROL NUMBER IDENTIFIER
control field DLC
005 - DATE AND TIME OF LATEST TRANSACTION
control field 20260227110856.0
008 - FIXED-LENGTH DATA ELEMENTS--GENERAL INFORMATION
fixed length control field 751111s1946 gw 000 0 ger c
010 ## - LIBRARY OF CONGRESS CONTROL NUMBER
LC control number af 48002531
035 ## - SYSTEM CONTROL NUMBER
System control number (OCoLC)1824709
040 ## - CATALOGING SOURCE
Original cataloging agency Yale Univ. Library
Transcribing agency TxWB
Modifying agency DLC
042 ## - AUTHENTICATION CODE
Authentication code premarc
050 00 - LIBRARY OF CONGRESS CALL NUMBER
Classification number PT2635.I65
Item number A17 1946
100 1# - MAIN ENTRY--PERSONAL NAME
Personal name Rilke, Rainer Maria,
Dates associated with a name 1875-1926.
245 00 - TITLE STATEMENT
Title Ausgewählte Gedichte.
Statement of responsibility, etc. [Ausgewählt von Katharina Kippenberg]
260 ## - PUBLICATION, DISTRIBUTION, ETC.
Place of publication, distribution, etc. Hamburg,
Name of publisher, distributor, etc. C. Wegner,
Date of publication, distribution, etc. 1946.
300 ## - PHYSICAL DESCRIPTION
Extent 159 p.
Dimensions 19 cm.
500 ## - GENERAL NOTE
General note "Sonderausgae mit Genehmigung des Insel-Verlages."
700 1# - ADDED ENTRY--PERSONAL NAME
Personal name Kippenberg, Katharina,
Dates associated with a name 1876-1947,
Relator term comp.

No items available.

Powered by Koha